| 000 | 01028nas a2200337 4500 | ||
|---|---|---|---|
| 001 | BR0405474 | ||
| 003 | BR-BrBNA | ||
| 005 | 20231205104958.0 | ||
| 007 | ta | ||
| 008 | 230509b bl.|||p| |||| 00| 00por d | ||
| 040 |
_aBR-BrBNA _bpor _cBiblioteca Nacional de Agricultura |
||
| 041 | _a(Pt) | ||
| 072 | _aL74; L70 | ||
| 100 | 1 | _aScarcelli, E. | |
| 100 | 1 | _aPiatti, R.M. | |
| 100 | 1 | _aCardoso, M.V. | |
| 100 | 1 | _aMiyashiro, S. | |
| 100 | 1 | _aCampos, F.R. | |
| 100 | 1 | _aTeixeira, S. | |
| 100 | 1 | _aCastro, V. | |
| 100 | 1 | _aGenovez, M.E. | |
| 245 | 1 | _aDetecção de agentes bacterianos pelas técnicas de isolamento e identificação e PCR-Multiplex em fetos bovinos abortados | |
| 650 | _aBOVINO | ||
| 650 | _aABORTO | ||
| 650 | _aDIAGNÓSTICO | ||
| 650 | _aBACTÉRIA | ||
| 650 | _aANÁLISE BACTERIOLÓGICA | ||
| 773 | 0 |
_tRevista Brasileira de Reprodução Animal (Brazil) _xISSN 0102-0803 _g(Jan-Mar 2004), v. 28(1) p. 23-27 _wBR0405474 |
|
| 909 |
_a202311 _bLúcia _c55 _dLúcia Elande |
||
| 942 |
_2AGRIS _n0 _cANA |
||
| 999 |
_c180603 _d180603 |
||